The provision of affordable housing through Section 106: (Record no. 122044)
[ view plain ]
| 000 -LEADER | |
|---|---|
| fixed length control field | 01092nam a22002177a 4500 |
| 008 - FIXED-LENGTH DATA ELEMENTS--GENERAL INFORMATION | |
| fixed length control field | 241030t2007 xxk|||||r|||| 00| 0 eng d |
| 020 ## - INTERNATIONAL STANDARD BOOK NUMBER | |
| ISBN | 978142193556 |
| 041 ## - LANGUAGE CODE | |
| Language code of text/sound track or separate title | eng |
| 110 ## - MAIN ENTRY--CORPORATE NAME | |
| Corporate author | Royal Institution of Chartered Surveyors |
| 245 ## - TITLE STATEMENT | |
| Title | The provision of affordable housing through Section 106: |
| Subtitle | the situation in 2007 |
| 260 ## - PUBLICATION INFORMATION | |
| Place of publication | London, |
| Publisher | Royal Institution of Chartered Surveyors, |
| Date | October 2007 |
| 300 ## - PHYSICAL DESCRIPTION | |
| Physical description | 45p. |
| Dimensions | 30cm |
| 490 ## - SERIES TITLE | |
| Series statement | RICS Research Paper |
| Volume | volume 7 number 14 |
| 520 ## - ABSTRACT | |
| Abstract | Study to explore the state of local planning authority practice with regard to affordable housing, presenting the findings of the results of a survey to local authorities, 117 of which responded. Includes planning gain; policy; local plans and more. |
| 651 ## - SUBJECT ADDED ENTRY--GEOGRAPHIC NAME | |
| Geographic name | United Kingdom |
| 690 ## - BROAD SUBJECT | |
| Broad subject | Affordable housing |
| 9 (RLIN) | 6215 |
| 710 ## - ADDED CORPORATE NAME | |
| Added corporate author | Royal Institution of Chartered Surveyors |
| 710 ## - ADDED CORPORATE NAME | |
| Added corporate author | University of Cambridge |
| 856 ## - ONLINE RESOURCE | |
| Uniform Resource Identifier | <a href="https://www.landecon.cam.ac.uk/sites/default/files/2024-01/2research-paper.pdf">https://www.landecon.cam.ac.uk/sites/default/files/2024-01/2research-paper.pdf</a> |
| Public note | Available from University of Cambridge land economy website |
| 942 ## - ADDED ENTRY ELEMENTS (KOHA) | |
| Suppress in OPAC | Do not suppress in OPAC |
| Lost status | Damaged status | Not for loan | Current library | Shelving location | Date acquired | Total Checkouts | Full call number | Date last seen | Price effective from | Koha item type |
|---|---|---|---|---|---|---|---|---|---|---|
| Archives | RICS Boxes | 30/10/2024 | RICS 2007/84 | 30/10/2024 | 30/10/2024 | Book | ||||
| Virtual | Online | 30/10/2024 | ONLINE PUBLICATION | 30/10/2024 | 30/10/2024 | Online material |